Silent struggles: family dynamics and drug abuse reporting under harsh laws and stigmatizing perceptions
Under Vietnam’s stringent drug laws and prevailing negative societal attitudes toward drug users, families face challenges in reporting members dealing with drug abuse. Such underreporting poses critical challenges, including a distorted understanding of the true extent of drug abuse, hindering targ...
| Authors: | ; |
|---|---|
| Format: | Electronic Article |
| Language: | English |
| Published: |
2024
|
| In: |
Deviant behavior
Year: 2024, Volume: 45, Issue: 12, Pages: 1743-1758 |
| Online Access: |
Volltext (lizenzpflichtig) Volltext (lizenzpflichtig) |
| Check availability: | HBZ Gateway |
| Keywords: |
MARC
| LEADER | 00000caa a22000002c 4500 | ||
|---|---|---|---|
| 001 | 1909497622 | ||
| 003 | DE-627 | ||
| 005 | 20250915122030.0 | ||
| 007 | cr uuu---uuuuu | ||
| 008 | 241126s2024 xx |||||o 00| ||eng c | ||
| 024 | 7 | |a 10.1080/01639625.2024.2324111 |2 doi | |
| 035 | |a (DE-627)1909497622 | ||
| 035 | |a (DE-599)KXP1909497622 | ||
| 040 | |a DE-627 |b ger |c DE-627 |e rda | ||
| 041 | |a eng | ||
| 084 | |a 2,1 |2 ssgn | ||
| 100 | 1 | |a Thao Trang, Ngo Hoang |e VerfasserIn |4 aut | |
| 245 | 1 | 0 | |a Silent struggles |b family dynamics and drug abuse reporting under harsh laws and stigmatizing perceptions |c Ngo Hoang Thao Trang and Truong Dang Thuy |
| 264 | 1 | |c 2024 | |
| 336 | |a Text |b txt |2 rdacontent | ||
| 337 | |a Computermedien |b c |2 rdamedia | ||
| 338 | |a Online-Ressource |b cr |2 rdacarrier | ||
| 500 | |a Literaturverzeichnis: Seite 1755-1758 | ||
| 520 | |a Under Vietnam’s stringent drug laws and prevailing negative societal attitudes toward drug users, families face challenges in reporting members dealing with drug abuse. Such underreporting poses critical challenges, including a distorted understanding of the true extent of drug abuse, hindering targeted interventions and resulting in individuals being inaccessible to vital treatment and assistance. This study focuses on the shifting family structures in rural Vietnam, particularly the transition from extended to nuclear families. While prior research indicates higher drug abuse prevalence in nuclear families, reporting dynamics present a different narrative. Analyzing data from 1,772 rural communes using a Heckman selection model, we find that increasing nuclear families correlates with a lower probability of reporting drug abuse and fewer reported drug users. This finding suggests that communities with more nuclear families may harbor a greater prevalence of unreported drug users, posing significant policy challenges. Addressing underreporting becomes crucial for informed interventions combating drug abuse in evolving rural contexts. | ||
| 650 | 4 | |a Drogenmissbrauch | |
| 650 | 4 | |a Stigmatisierung | |
| 650 | 4 | |a Familie | |
| 650 | 4 | |a Kriminologie | |
| 650 | 4 | |a Vietnam | |
| 700 | 1 | |a Thuy, Truong Dang |e VerfasserIn |0 (DE-588)136038506 |0 (DE-627)57403613X |0 (DE-576)300794487 |4 aut | |
| 773 | 0 | 8 | |i Enthalten in |t Deviant behavior |d London [u.a.] : Taylor & Francis, 1979 |g 45(2024), 12, Seite 1743-1758 |h Online-Ressource |w (DE-627)300590067 |w (DE-600)1482541-7 |w (DE-576)088704483 |x 1521-0456 |7 nnas |
| 773 | 1 | 8 | |g volume:45 |g year:2024 |g number:12 |g pages:1743-1758 |
| 856 | 4 | 0 | |u https://doi.org/10.1080/01639625.2024.2324111 |x Resolving-System |z lizenzpflichtig |3 Volltext |7 1 |
| 856 | 4 | 0 | |u https://www.tandfonline.com/doi/full/10.1080/01639625.2024.2324111 |x Verlag |z lizenzpflichtig |3 Volltext |7 1 |
| 951 | |a AR | ||
| ELC | |a 1 | ||
| LOK | |0 000 xxxxxcx a22 zn 4500 | ||
| LOK | |0 001 4622275767 | ||
| LOK | |0 003 DE-627 | ||
| LOK | |0 004 1909497622 | ||
| LOK | |0 005 20250915122030 | ||
| LOK | |0 008 241126||||||||||||||||ger||||||| | ||
| LOK | |0 040 |a DE-21-110 |c DE-627 |d DE-21-110 | ||
| LOK | |0 092 |o n | ||
| LOK | |0 852 |a DE-21-110 | ||
| LOK | |0 852 1 |9 00 | ||
| LOK | |0 935 |a krzo | ||
| LOK | |0 939 |a 26-11-24 |b l01 | ||
| ORI | |a SA-MARC-krimdoka001.raw | ||
